Normal view
MARC view
- WINDOWS 95 MICROSOFT WORD 7.0 MICROSOFT EXCEL 7.0 MICROSOFT ACCESS 7.0 MICROSOFT POWERPOINT 7.0 MICROSOFT WINDOWS 95
Entry Topical Term
001 - CONTROL NUMBER
- control field: 56252
003 - CONTROL NUMBER IDENTIFIER
- control field: NUST
005 - DATE AND TIME OF LATEST TRANSACTION
- control field: 20210628201649.0
008 - FIXED-LENGTH DATA ELEMENTS
- fixed length control field: 210628|| aca||aabn | a|a d
040 ## - CATALOGING SOURCE
- Original cataloging agency: NUST
- Transcribing agency: NUST
150 ## - HEADING--TOPICAL TERM
- Topical term or geographic name entry element: WINDOWS 95 MICROSOFT WORD 7.0 MICROSOFT EXCEL 7.0 MICROSOFT ACCESS 7.0 MICROSOFT POWERPOINT 7.0 MICROSOFT WINDOWS 95
670 ## - SOURCE DATA FOUND
- Source citation: Work cat.: (NUST): Hutchinson, Sarah.E Coulthard, Glen.J 56251, Microsoft office professional for windows, 1996
